Návrh opatrení na zlepšenie starostlivosti o zamestnancov ako dôležitého nástroja na zlepšenie kvality pracovného života v podniku MILSY a.s.

Uložené v:
Podrobná bibliografia
Hlavný autor: Mozolová, Martina (Autor)
Ďalší autori: Novotná, Ivana (Vedúci práce)
Médium: Rukopis Kniha
Jazyk:Slovak
Vydavateľské údaje: 2015
Predmet:
On-line prístup:http://is.stuba.sk/zp/portal_zp.pl?podrobnosti=96340
Tagy: Pridať tag
Žiadne tagy, Buďte prvý, kto otaguje tento záznam!

MARC

LEADER 00000ntm a22000003a 4500
001 stuzp50717
003 SK-STU
005 20160719153636.6
007 ta
008 150427s2015----xo-----f-mn---000-0-slo-d
040 |a STU  |b slo 
041 0 |a slo 
100 1 |a Mozolová, Martina  |u 064000  |4 aut  |U MTF Materiálovotechnologická fakulta  |T MTF Ústav priemyselného inžinierstva a manažmentu  |X 46926  |U M4000  |Y 84  |7 46926 
242 0 1 |a Proposal of measures to improve care for employees as an important tool to improve the quality of working life in the company MILSY, a.s.  |y eng 
245 1 0 |a Návrh opatrení na zlepšenie starostlivosti o zamestnancov ako dôležitého nástroja na zlepšenie kvality pracovného života v podniku MILSY a.s. 
260 |c 2015 
650 4 |a starostlivosť  |2 slo 
650 4 |a zamestnanec  |2 slo 
650 4 |a opatrenia  |2 slo 
650 4 |a care  |2 eng 
650 4 |a employee  |2 eng 
650 4 |a measures  |2 eng 
700 1 |a Novotná, Ivana  |4 ths  |X 46421  |7 A000046421 
856 4 |u http://is.stuba.sk/zp/portal_zp.pl?podrobnosti=96340 
996 |c M* BP-7361  |l MMSKP  |s P  |a 0  |w stuzp50717_0001 
SQL |a stuzp50717  |b DBP  |c SLO  |d Návrh opatrení na zlepšenie starostlivosti o zamestnancov ako dôležitého nástroja na zlepšenie kvality pracovného života v podniku MILSY a.s.  |e 46926  |f Mozolová, Martina  |g 064000  |h 46421  |i Novotná, Ivana  |j 20150623  |k 173  |l 06  |m http://is.stuba.sk/zp/portal_zp.pl?podrobnosti=96340  |n B-PPP  |o 5.2.52. priemyselné inžinierstvo